The Role of Women in the Church With Special Reference to Manipur, India | (Record no. 8082)

MARC details
000 -LEADER
fixed length control field 00640nam a22001577a 4500
003 - CONTROL NUMBER IDENTIFIER
control field GBCCL
005 - DATE AND TIME OF LATEST TRANSACTION
control field 20241126110643.0
008 - FIXED-LENGTH DATA ELEMENTS--GENERAL INFORMATION
fixed length control field 190218b ||||| |||| 00| 0 eng d
040 ## - CATALOGING SOURCE
Transcribing agency GBC
082 ## - DEWEY DECIMAL CLASSIFICATION NUMBER
Classification number ARC GUI
Item number 1991
100 ## - MAIN ENTRY--PERSONAL NAME
Personal name Guite, Grace Ngaihvung
9 (RLIN) 14090
245 ## - TITLE STATEMENT
Title The Role of Women in the Church With Special Reference to Manipur, India |
Statement of responsibility, etc. Grace Ngaihvung Guite
300 ## - PHYSICAL DESCRIPTION
Extent vi + 12p p.;
Dimensions 14.5 cm x 2-.5 cm.
650 ## - SUBJECT ADDED ENTRY--TOPICAL TERM
Source of heading or term Women
Topical term or geographic name entry element Women Ministry
Form subdivision Women in the Old Testament
-- Women in the New Testament
-- Social-cultural
-- Impact of Christianity
-- Impact of Missions
-- Korean Women in Ministry
Geographic subdivision Manipur, India
9 (RLIN) 14091
942 ## - ADDED ENTRY ELEMENTS (KOHA)
Source of classification or shelving scheme Dewey Decimal Classification
Koha item type Thesis
Holdings
Withdrawn status Lost status Source of classification or shelving scheme Damaged status Not for loan Home library Current Library Shelving location Date acquired Total checkouts Full call number Barcode Date last seen Copy number Price effective from Koha item type
    Dewey Decimal Classification     GRACE BIBLE COLLEGE GRACE BIBLE COLLEGE Archives 2019-02-18   ARC GUI 1991 025145 2025-05-01 c.1 2019-02-18 Thesis
© Grace Bible College Library 2025